01022nam a22002537a 450000500170000001000150001702000260003203500130005803700130007108200200008410000200010424501580012426000570028226000420033927000720038130000240045350000500047765000440052765000400057165000450061170000240065670000200068071000680070020140908111456.0 aENG-110759 a9788183875141c850.00 aEN-94291 bDBAD/PUB a016.70901130954 aMisra, Kamal K. aRock art of India :cby Kamal K. Misra, Sudhir Shrivastava [and] Mohammad Rehanba selective bibliography : with an introduction by Robert G. Bednarik /  aBhopalb Indira Gandhi Rashtriya Manav Sangrahalaya  aNew DelhibSerials Publicationsc2011 a4830/24, Prahlad Street, Ansari Road, Darya GanjbNew Delhie110002 axx,256p. c22cm(Hb) aIncludes bibliographical references and index a Rock paintings zIndia vBibliography. aPetroglyphs z IndiavBibliography. a Art, PrehistoriczIndia vBibliography. aShrivastava, Sudhir aRehan, Mohammad a Indirā Gāndhī Rāshṭrīya Mānava Saṅgrahālaya.